Kantony Luksemburga - Statystyki

Ogólne statystyki
  • Ten quiz został rozwiązany 783 razy
  • Średni wynik to 4 z 12
Odpowiedzi na mapie
Odpowiedzi zakodowano w zielono-czerwonej skali na mapie do tego quizu, zgodnie z poniższymi procentami.
 
Statystyki odpowiedzi
Kantony % Poprawnych
Luksemburg
95%
Wiltz
36%
Mersch
27%
Remich
26%
Echternach
25%
Esch-sur-Alzette
25%
Capellen
24%
Clerveaux
24%
Grevenmacher
22%
Vianden
21%
Diekrich
19%
Redange
19%
Nie znaleziono quizów pasujących do podanych kryteriów
Rozkład punktacji
Procent ludzi z każdym wynikiem
Percentyl według liczby udzielonych odpowiedzi
Twoja historia wyników
Nie rozwiązałeś tego quizu